[Event "Konnerud høstturnering"]
[Site "Malmveien 15"]
[Date "2020.09.16"]
[Round "10"]
[White "Slettum, Karl Anker"]
[Black "Stenseng, Benjamin"]
[Result "0-1"]
[WhiteElo "1839"]
[BlackElo "1514"]
[PlyCount "60"]
[EventDate "2020.??.??"]

1. e4 d5 2. exd5 Nf6 3. Nc3 Nxd5 4. Bc4 e6 5. Nf3 Be7 6. d4 O-O 7. Nxd5 exd5 8.
Bd3 Bg4 9. h4 h5 10. Be3 Nd7 11. Qd2 c5 12. c3 cxd4 13. Nxd4 Ne5 14. Be2 Nc4
15. Bxc4 dxc4 16. f3 Bd7 17. O-O-O Qa5 18. Kb1 Rad8 19. Qf2 b5 20. g4 hxg4 21.
fxg4 b4 22. cxb4 Bxb4 23. Nc2 c3 24. Bxa7 Be6 25. Nxb4 Qxb4 26. Bc5 Qe4+ 27.
Ka1 Rd2 28. Qxd2 cxd2 29. Bxf8 Kxf8 30. Rb1 Qa4
0-1

[Event "Konnerud høstturnering"]
[Site "Malmveien 15"]
[Date "2020.10.21"]
[Round "10"]
[White "Rørvik, Jon F."]
[Black "Carlsen, Christian Heen"]
[Result "1-0"]
[WhiteElo "2186"]
[BlackElo "2079"]
[PlyCount "73"]
[EventDate "2020.??.??"]

1. c4 e5 2. g3 Nf6 3. Nc3 Bb4 4. Bg2 O-O 5. e4 Bxc3 6. bxc3 d6 7. Ne2 h6 8. O-O
Nc6 9. h3 Be6 10. d3 Nh7 11. Rb1 Rb8 12. f4 exf4 13. Nxf4 Bd7 14. Be3 Nf6 15.
Qd2 a6 16. Rf2 Ne5 17. Rbf1 Qe7 18. Ne2 Nh7 19. Nd4 b5 20. cxb5 axb5 21. Nf5
Bxf5 22. exf5 f6 23. Re1 Qf7 24. Bf4 Rfe8 25. Qd1 Nf8 26. Rfe2 Kh8 27. d4 Nc4
28. Bc6 Rxe2 29. Qxe2 Na3 30. Qe7 Qxe7 31. Rxe7 Nb1 32. Rxc7 Nxc3 33. Kf2 Nxa2
34. Bxd6 b4 35. Rf7 b3 36. Bxb8 b2 37. Rxf8+
1-0

[Event "Konnerud høstturnering"]
[Site "Malmveien 15"]
[Date "2020.11.05"]
[Round "10"]
[White "Tari, Aryan"]
[Black "Taksrud, Vidar"]
[Result "1-0"]
[WhiteElo "2630"]
[BlackElo "1904"]
[PlyCount "107"]
[EventDate "2020.??.??"]

1. e4 e6 2. d4 d5 3. Nc3 Nf6 4. e5 Nfd7 5. f4 c5 6. Nf3 Nc6 7. Be3 cxd4 8. Nxd4
Bc5 9. Qd2 Nxd4 10. Bxd4 Bxd4 11. Qxd4 Qb6 12. Qd2 a6 13. O-O-O O-O 14. h4 f6
15. exf6 Nxf6 16. Be2 Bd7 17. h5 Bb5 18. Bf3 Rad8 19. Nxb5 Qxb5 20. h6 g6 21.
Rhe1 Rd6 22. Qd4 Qb6 23. Qe5 Rf7 24. g3 Nd7 25. Qc3 Qc5 26. Qxc5 Nxc5 27. c4
Rc7 28. Kb1 d4 29. Rd2 a5 30. b3 b6 31. Kb2 Kf7 32. Bd1 Kf6 33. Re5 Re7 34. a3
Nd7 35. Re4 e5 36. Rf2 Kf5 37. fxe5+ Kxe4 38. exd6 Re6 39. Re2+ Kf5 40. g4+ Kf6
41. g5+ Kf7 42. Rxe6 Kxe6 43. Bg4+ Kxd6 44. Bxd7 Kxd7 45. Kc2 Kc6 46. b4 axb4
47. axb4 Kd6 48. Kd3 Ke5 49. b5 Ke6 50. Kxd4 Kd6 51. c5+ bxc5+ 52. Kc4 Kd7 53.
Kxc5 Kc7 54. Kd5
1-0

[Event "Konnerud høstturnering"]
[Site "Malmveien 15"]
[Date "2020.10.14"]
[Round "11"]
[White "Selmer, Thorgrim J"]
[Black "Marthinussen, Emma Viktoria L"]
[Result "1/2-1/2"]
[WhiteElo "1586"]
[BlackElo "1436"]
[PlyCount "143"]
[EventDate "2020.??.??"]

1. Nf3 Nf6 2. d4 g6 3. Bf4 Bg7 4. e3 O-O 5. Nbd2 d6 6. Bd3 Nbd7 7. c3 Re8 8.
Ne4 Nxe4 9. Bxe4 e5 10. Bg5 Bf6 11. h4 exd4 12. Qc2 dxe3 13. Bxe3 Nc5 14. Bd3
Nxd3+ 15. Qxd3 Bf5 16. Qd2 Be4 17. O-O-O Bxf3 18. gxf3 Bxh4 19. Bd4 Bg5 20. f4
Bf6 21. f5 Bxd4 22. cxd4 Qf6 23. Rdg1 Rad8 24. Qf4 d5 25. Qh6 Qg7 26. fxg6
Qxh6+ 27. Rxh6 fxg6 28. f4 Rf8 29. Rgh1 Rd7 30. R6h4 Rdf7 31. Kd2 h5 32. Rg1
Kh7 33. Ke3 Rf5 34. b4 R8f6 35. b5 Rb6 36. Rc1 c6 37. a4 a6 38. bxc6 Rxc6 39.
Rxc6 bxc6 40. Rh1 Kh6 41. Rb1 g5 42. fxg5+ Rxg5 43. Rb6 h4 44. Rxa6 h3 45.
Rxc6+ Kh5 46. Rc8 Kh4 47. Kf2 Rg2+ 48. Kf3 Rg3+ 49. Kf2 Ra3 50. Rh8+ Kg4 51.
Rg8+ Kf4 52. Kg1 Rxa4 53. Kh2 Ra3 54. Rh8 Rf3 55. Rh4+ Ke3 56. Rg4 Rf4 57. Rg3+
Kxd4 58. Kxh3 Ke4 59. Kg2 d4 60. Rg8 Ke3 61. Rg3+ Ke2 62. Rg8 Rf3 63. Ra8 Re3
64. Ra2+ Kd1 65. Kf2 Rc3 66. Ra8 Rc2+ 67. Kf3 d3 68. Ke3 d2 69. Kd3 Kc1 70.
Ra1+ Kb2 71. Rd1 Rc3+ 72. Kxd2
1/2-1/2

[Event "Konnerud høstturnering"]
[Site "Malmveien 15"]
[Date "2020.10.29"]
[Round "11"]
[White "Stenseng, Benjamin"]
[Black "Rørvik, Jon F."]
[Result "0-1"]
[WhiteElo "1514"]
[BlackElo "2186"]
[PlyCount "106"]
[EventDate "2020.??.??"]

1. e4 e5 2. Nf3 Nc6 3. d4 exd4 4. Nxd4 Bc5 5. Nb3 Bb6 6. a4 Qf6 7. Qf3 a6 8.
Nc3 Qxf3 9. gxf3 Nge7 10. Bc4 Nb4 11. Bd3 c5 12. Nd2 d5 13. exd5 Nexd5 14. Nxd5
Nxd5 15. Nc4 Bc7 16. Rg1 g6 17. Be4 Be6 18. Bg5 f5 19. Bxd5 Bxd5 20. O-O-O Be6
21. Rge1 Kf7 22. Rd7+ Bxd7 23. Re7+ Kf8 24. Rxd7 Rc8 25. Bf6 Rg8 26. Rxh7 Bf4+
27. Kb1 Rc7 28. Rh4 g5 29. Rh5 Kf7 30. Bc3 Kg6 31. Rh3 Rh7 32. Rxh7 Kxh7 33.
Ne3 Bxh2 34. Nxf5 Rf8 35. Ng3 Rxf3 36. Ne4 Kg6 37. Be1 b6 38. Kc1 Rf4 39. Nc3
Bg1 40. Ne2 Re4 41. Kd1 Bh2 42. Nc3 Rd4+ 43. Ke2 Bf4 44. f3 Kf5 45. b3 Rd7 46.
Ne4 g4 47. Kf2 Rh7 48. Ng3+ Bxg3+ 49. Kxg3 Rh3+ 50. Kg2 Rxf3 51. c3 Ke4 52. b4
c4 53. Bf2 Rxf2+
0-1

[Event "Konnerud høstturnering"]
[Site "Malmveien 15"]
[Date "2020.10.21"]
[Round "12"]
[White "Aure, Anders Nilsson"]
[Black "Selmer, Thorgrim J"]
[Result "1-0"]
[WhiteElo "1740"]
[BlackElo "1586"]
[PlyCount "49"]
[EventDate "2020.??.??"]

1. c4 b6 2. d4 e6 3. e4 Bb7 4. Bd3 d5 5. Nc3 dxc4 6. Bxc4 Nf6 7. f3 Be7 8. Nge2
O-O 9. Be3 c6 10. Qd2 b5 11. Bb3 Nbd7 12. Kf2 Rc8 13. g4 b4 14. Na4 c5 15. g5
cxd4 16. Nxd4 Nh5 17. Nxe6 Qe8 18. Nxf8 Qxf8 19. Qxd7 Bc6 20. Qd2 Qe8 21. Rac1
Rd8 22. Qc2 Rc8 23. Nc5 Bd6 24. Ba4 Qe5 25. Nd3
1-0

[Event "Konnerud høstturnering"]
[Site "Malmveien 15"]
[Date "2020.10.28"]
[Round "13"]
[White "Taksrud, Vidar"]
[Black "Aure, Anders Nilsson"]
[Result "1-0"]
[WhiteElo "1904"]
[BlackElo "1740"]
[PlyCount "53"]
[EventDate "2020.??.??"]

1. d4 Nf6 2. Nf3 g6 3. g3 Bg7 4. Bg2 O-O 5. c4 d5 6. cxd5 Nxd5 7. e4 Nf6 8. Nc3
c5 9. d5 Qa5 10. O-O Rd8 11. Qb3 Na6 12. Bg5 h6 13. Bd2 Qb4 14. Qc2 Qb6 15. a3
e6 16. Ne5 exd5 17. exd5 Bf5 18. Qc1 Ne4 19. Nc4 Nxc3 20. Bxc3 Qb5 21. Bxg7
Kxg7 22. Qc3+ Kg8 23. Rfe1 Nc7 24. Rad1 Qd7 25. Qf6 Rf8 26. Re7 Qd8 27. Nd6
1-0